|
|
|
|
| LEADER |
01040nam a22002292a 4500 |
| 001 |
001346856 |
| 003 |
CZ BrMZK |
| 005 |
20131119115544.0 |
| 007 |
ta |
| 008 |
131119s1965 gw er|||||||||||ger d |
| 040 |
|
|
|a ABA001
|b cze
|c ABA001
|d ABA001
|d BOA001
|
| 100 |
1 |
|
|a Meyer, Rudolf
|4 aut
|
| 245 |
1 |
0 |
|a Tradition und Neuschöpfung im antiken Judentum /
|c Rudolf Meyer. Der Pharisäismus im Lichte der Überlieferung des neuen Testaments / Hans Friedrich Weiss
|
| 260 |
|
|
|a Berlin :
|b Akademie Verlag,
|c 1965
|
| 300 |
|
|
|a 132 s. ;
|c 21 cm
|
| 490 |
1 |
|
|a Sitzungsberichte der Sächsischen Akademie der Wissenschaften zu Leipzig. Philologisch-historische Klasse ;
|v Bd. 110, Heft 2
|
| 700 |
1 |
2 |
|a Weiss, Hans-Friedrich.
|t Pharisäismus im Lichte der Überlieferung des neuen Testaments
|
| 810 |
2 |
|
|a Sächsische Akademie der Wissenschaften zu Leipzig.
|b Philologisch-historische Klasse.
|t Sitzungsberichte
|
| 910 |
|
|
|a BOA001
|b 2-0547.782
|
| 990 |
|
|
|a BK
|
| 991 |
|
|
|b 201311
|
| 996 |
7 |
|
|b 2619632375
|c 2-0547.782
|l HP2
|r DEN
|n 0
|w 001381596
|u 000010
|a 1
|e BOA001
|j MZK50
|s A
|